| 000 | 00000nam 2200000zi 4500 |
| 001 | 9.941711 |
| 003 | CaOODSP |
| 005 | 20250108105556 |
| 006 | m o d f |
| 007 | cr cn |||||||| |
| 008 | 240809t20242024onc o f000 0 eng d |
| 020 | |a9780660731049 |
| 040 | |aCaOODSP|beng|erda|cCaOODSP |
| 043 | |an-cn--- |
| 086 | 1 |aH144-134/2024E-PDF |
| 245 | 00|aCommunity care during extreme heat : |bheat illness : prevention and preliminary care. |
| 264 | 1|a[Ottawa] : |bHealth Canada = Santé Canada, |c[2024] |
| 264 | 4|c©2024 |
| 300 | |a1 online resource (2 unnumbered pages) |
| 336 | |atext|btxt|2rdacontent |
| 337 | |acomputer|bc|2rdamedia |
| 338 | |aonline resource|bcr|2rdacarrier |
| 500 | |aIssued also in French under title: Soins de santé communautaires pendant une chaleur accablante : maladies provoquées par la chaleur : prévention et soins préliminaires. |
| 500 | |a"Pub.: 240468." |
| 650 | 0|aHeat|zCanada|xSafety measures. |
| 650 | 0|aHeat|xHealth aspects|zCanada. |
| 650 | 0|aHeat|xPhysiological effect|zCanada. |
| 650 | 0|aHeat exhaustion|zCanada|xPrevention. |
| 710 | 1 |aCanada. |bHealth Canada, |eissuing body. |
| 775 | 08|tSoins de santé communautaires pendant une chaleur accablante : |w(CaOODSP)9.941710 |
| 795 | |tCommunity care during extreme heat : |w(CaOODSP)9.696241 |
| 856 | 40|qPDF|s826 KB|uhttps://publications.gc.ca/collections/collection_2025/sc-hc/H144-134-2024-eng.pdf |
| 856 | 4 |qHTML|sN/A|uhttps://www.canada.ca/en/health-canada/services/environmental-workplace-health/reports-publications/climate-change-health/community-care-extreme-heat-heat-illness-prevention-preliminary-care-health-canada-2011.html |